00361nam a2200145Ia 4500008004100000020001800041082001600059100001500075245003600090260002900126300000800155650002100163942001200184999001900196240824s9999 xx 000 0 und d a9789356031579 a343.05bMIT aMittal, DP 0aLaw of Copyrightsc/ Mittal, DP bCommercial Law Pubc2021 a717 aLaw &Criminology cENGLISH c538153d538153